000
00263nam a2200109Ia 4500
008
190912s9999||||xx |||||||||||||| ||und||
100
_a
IMRAN,Ibrahim
245
0
_a
Educational GUIDE OF pakistan
260
_a
Lahore
_b
McGraw-Hill
_c
2000
300
_a
577
942
_c
BK
999
_c
7339
_d
7339